| 000 | 00907nam a22002177a 4500 | ||
|---|---|---|---|
| 005 | 20180711092958.0 | ||
| 010 | _aB-680817-829 | ||
| 020 |
_a9788123021294 _c1940.00 |
||
| 035 | _aB-6808107-829 | ||
| 037 |
_bBookwell _adpl |
||
| 082 | _a578.095456 | ||
| 245 |
_aFirst garden of the republic : _cedited by Amita Baviskar; photography by Narendra Bisht _bnature in the President's estate / |
||
| 260 |
_c2016 _aNew Delhi _bRashtrapati Bhawan |
||
| 270 |
_aRashtrapati Bhawan, _bNew Delhi _e110015 |
||
| 300 |
_c29cm(Hb) _a255p.: _bill. (col. pic.) |
||
| 500 | _aIncludes bibliographical references and index | ||
| 700 | _aBaviskar, Amita | ||
| 700 | _aBisht, Narendra | ||
| 942 |
_cEN _2ddc _mFIR _h578.095456 |
||
| 999 |
_c152290 _d152290 |
||